OSI参照モデル - Statistics

General Stats
  • This quiz has been taken 57 times
  • The average score is 5 of 7
Answer Stats
Hint Answer % Correct
第3層 ネットワーク層
91%
第1層 物理層
91%
第7層 アプリケーション層
88%
第4層 トランスポート層
72%
第6層 セッション層
63%
第2層 データリンク層
60%
第5層 プレゼンテーション層
47%
No matching quizzes found
Score Distribution
Percent of People with Each Score
Percentile by Number Answered
Your Score History
You have not taken this quiz